<?xml version="1.0" encoding="UTF-8"?>
<marc:record xmlns:marc="http://www.loc.gov/MARC21/slim">
   <marc:leader>00000nam a2200000 a 4500</marc:leader>
   <marc:datafield ind1="0" ind2="0" tag="245">
      <marc:subfield code="a">Momo</marc:subfield>
   </marc:datafield>
   <marc:datafield ind1="0" ind2="0" tag="245">
      <marc:subfield code="b">Die internationale Verfilmung von Michael Endes Kultroman</marc:subfield>
   </marc:datafield>
   <marc:datafield ind1=" " ind2="1" tag="264">
      <marc:subfield code="b">Constantin Film</marc:subfield>
      <marc:subfield code="c">2026</marc:subfield>
   </marc:datafield>
   <marc:datafield ind1="1" ind2=" " tag="520">
      <marc:subfield code="a">Momo - Michael Ende&#xD;
&#xD;
Momo, ein außergewöhnliches Waisenmädchen, lebt in den Ruinen eines alten Amphitheaters und hat ein besonderes Talent: Sie hört zu. Doch als ein mächtiger Konzern beginnt, den Menschen ihre Zeit zu stehlen, verändert sich alles. Plötzlich hat niemand mehr Zeit, nicht einmal ihr bester Freund Gino. Verzweifelt begibt sich Momo auf eine magische Reise, geführt von einer rätselhaften Schildkröte und begleitet von Meister Hora, dem geheimnisvollen Hüter der Zeit. &#xD;
Ein poetisches, visuell beeindruckendes Fantasy-Abenteuer über die Kraft der Freundschaft - und die Frage, was unsere Zeit wirklich wert ist.</marc:subfield>
   </marc:datafield>
   <marc:datafield ind1="3" ind2=" " tag="024">
      <marc:subfield code="a">4061229611701</marc:subfield>
   </marc:datafield>
   <marc:datafield ind1=" " ind2=" " tag="041">
      <marc:subfield code="a">ger</marc:subfield>
   </marc:datafield>
   <marc:datafield ind1="1" ind2=" " tag="521">
      <marc:subfield code="a">FSK ab 6 freigegeben</marc:subfield>
   </marc:datafield>
   <marc:datafield ind1="1" ind2=" " tag="521">
      <marc:subfield code="a">6</marc:subfield>
   </marc:datafield>
   <marc:datafield ind1=" " ind2=" " tag="338">
      <marc:subfield code="a">Videodisk</marc:subfield>
   </marc:datafield>
   <marc:datafield ind1=" " ind2=" " tag="300">
      <marc:subfield code="a">1 DVD</marc:subfield>
   </marc:datafield>
</marc:record>
